| 000 | 01395nam a22002895a 4500 | ||
|---|---|---|---|
| 003 | OSt | ||
| 005 | 20161215103815.0 | ||
| 008 | 161124s2013 ua frb 000 0 ara d | ||
| 015 | _a2013/11065 | ||
| 020 | _a9789990178319 | ||
| 040 |
_aEG-ScBUE _bara _cEG-ScBUE |
||
| 041 | 1 |
_aara _beng |
|
| 082 | 0 | 4 |
_a343.078624 _bح ر ي _222 |
| 100 | 1 | _aحريري، محمد فؤاد. | |
| 245 | 1 | 0 |
_aأهم الجوانب العملية بشأن أوامر التغيير في عقود الإنشاءات : _bدراسة قانونية وهندسية متخصصة في عقود تسليم المفتاح وعقود الفيديك / _cإعداد محمد فؤاد الحريري، محمد سعد عبدالله. |
| 260 |
_aالقاهرة : _bدار النهضة العربية، _c2013. |
||
| 300 |
_a156 ص. : _bإيض. ؛ _c24 سم. |
||
| 504 | _aيشتمل على إرجاعات ببليوجرافية. | ||
| 546 | _aالنص باللغة العربية ؛ والمخلص باللغة الإنجليزية. | ||
| 610 | 2 | 7 |
_aالاتحاد الدولي للمهندسين الاستشاريين (الفيديك) _2BUEsh |
| 650 | 7 |
_aعقود البناء _xقوانين وتشريعات _2BUEsh |
|
| 650 | 7 |
_aهندسة الإنشاءات _xقوانين وتشريعات _2BUEsh |
|
| 651 | _2BUEsh | ||
| 653 |
_bLLAAWW _cNovember2016 |
||
| 700 | 1 | _aعبدالله، محمد سعد. | |
| 942 | _2ddc | ||
| 999 |
_c23319 _d23291 |
||